000 00405nam a2200145 4500
003 SGT
082 _a618.2
_bE22V
100 _aVERMA, VAISHALI
245 _aTO EVALUATE THE ASSOCIATION OF VITAMIN D DEFICIENCY IN PRETERM LABOR AND ITS EFFECT ON FETO MATERNAL OUTCOME
260 _aGURUGRAM
_bSGTU
_c2022
300 _a103
650 _aOBSTETRICS AND GYNAECOLOGY
653 _aMS
942 _2ddc
_cTH
999 _c33184
_d33184